000 01362nam a2200349Ia 4500
001 ebr10080010
003 CaPaEBR
006 m u
007 cr cn|||||||||
008 050201s2005 pau sb 001 0 eng d
010 _z 2005040617
020 _z9789027294494
020 _z158811631X
040 _aCaPaEBR
_cCaPaEBR
035 _a(OCoLC)567954416
050 1 4 _aP118
_b.D476 2005eb
082 0 4 _a401/.93
_222
245 0 0 _aDevelopmental theory and language disorders
_h[electronic resource] /
_cedited by Paul Fletcher and Jon F. Miller.
260 _aPhiladelphia, Pa. :
_bJohn Benjamins Pub.,
_c2005.
300 _ax, 216 p.
490 1 _aTrends in language acquisition research,
_x1569-0644 ;
_v4
504 _aIncludes bibliographical references and index.
533 _aElectronic reproduction.
_bPalo Alto, Calif. :
_cebrary,
_d2009.
_nAvailable via World Wide Web.
_nAccess may be limited to ebrary affiliated libraries.
650 0 _aLanguage acquisition.
650 0 _aLanguage disorders.
655 7 _aElectronic books.
_2local
700 1 _aFletcher, Paul,
_d1943-
700 1 _aMiller, Jon F.
710 2 _aebrary, Inc.
830 0 _aTrends in language acquisition research ;
_vv. 4.
856 4 0 _uhttp://site.ebrary.com/lib/rucke/Doc?id=10080010
_zAn electronic book accessible through the World Wide Web; click to view
999 _c54133
_d54133